| 000 | 00764nam a2200229Ia 4500 | ||
|---|---|---|---|
| 003 | OSt | ||
| 005 | 20220923212438.0 | ||
| 006 | a|||||r|||| 00| 0 | ||
| 007 | ta | ||
| 008 | 220922b |||||||| |||| 00| 0 hin d | ||
| 024 | _a153,040 | ||
| 037 | _cTextual | ||
| 040 |
_aARTS _cARTS _bhin |
||
| 041 |
_2hin _ahin |
||
| 082 | _aO142:3M21:18, 152K6 | ||
| 100 |
_aदोस्तोयेव्स्की, फ म _9162487 |
||
| 245 | 0 | _aदरिद्र नारायण, ओकारनाथ पंचालर अनु | |
| 246 | _aDaridra nārāyaṇa, okāranāth panchālar anu0 | ||
| 260 | _c1966 | ||
| 942 |
_hO142:3M21:18, 152K6 _cTEXL _2CC |
||
| 999 |
_c308688 _d308688 |
||